Preukázateľné daňové výdavky pri príjmoch z podnikania z inej samostatnej zárobkovej činnosti, z prenájmu a z použitia diela a umeleckého výkonu
Ak daňovník uplatňuje pri príjmoch z podnikania z inej samostatnej zárobkovej činnosti, z prenájmu a z použitia diela a umeleckého výkonu preukázateľne vynaložené daňové výdavky, môže viesť počas celého zdaňovacieho obdobia daňovú evidenciu o príjmoch a daňových výdavkoch v časovom slede v členení p...
Gespeichert in:
| 1. Verfasser: | |
|---|---|
| Format: | Buchkapitel |
| Sprache: | Slowakisch |
| Schlagworte: | |
| Tags: |
Keine Tags, Fügen Sie das erste Tag hinzu!
|
MARC
| LEADER | 00000nla a2200000 4500 | ||
|---|---|---|---|
| 001 | 0196810 | ||
| 005 | 20240502073322.3 | ||
| 041 | 0 | |a slo | |
| 044 | |a SK | ||
| 245 | 1 | 0 | |a Preukázateľné daňové výdavky pri príjmoch z podnikania z inej samostatnej zárobkovej činnosti, z prenájmu a z použitia diela a umeleckého výkonu |c Juraj Válek |
| 520 | |a Ak daňovník uplatňuje pri príjmoch z podnikania z inej samostatnej zárobkovej činnosti, z prenájmu a z použitia diela a umeleckého výkonu preukázateľne vynaložené daňové výdavky, môže viesť počas celého zdaňovacieho obdobia daňovú evidenciu o príjmoch a daňových výdavkoch v časovom slede v členení potrebnom na zistenie základu dane (resp. čiastkového základu dane) vrátane prijatých dokladov, ktoré spĺňajú náležitosti účtovných dokladov. | ||
| 610 | 2 | 0 | |a podnikanie |
| 610 | 2 | 0 | |a príjmy |
| 610 | 2 | 0 | |a dane z príjmov |
| 610 | 2 | 0 | |a evidencia daňová |
| 100 | 1 | |a Válek, Juraj, 1981- | |